The Builder (Record no. 118861)
[ view plain ]
| 000 -LEADER | |
|---|---|
| fixed length control field | 00521cas a22001815a 4500 |
| 001 - CONTROL NUMBER | |
| control field | ##L134039 |
| 008 - FIXED-LENGTH DATA ELEMENTS--GENERAL INFORMATION | |
| fixed length control field | 070726d18421965xxkwr p 0 a0eng u |
| 035 ## - SYSTEM CONTROL NUMBER | |
| System control number | (Sirsi) u134039 |
| 041 0# - LANGUAGE CODE | |
| Language code of text/sound track or separate title | eng |
| 245 04 - TITLE STATEMENT | |
| Title | The Builder |
| 260 ## - PUBLICATION, DISTRIBUTION, ETC. | |
| Place of publication, distribution, etc. | London |
| Name of publisher, distributor, etc. | Builder |
| Date of publication, distribution, etc. | 1842-1965 |
| 362 ## - DATES OF PUBLICATION AND/OR SEQUENTIAL DESIGNATION | |
| Dates of publication and/or sequential designation | 1843-1965 |
| 651 #4 - SUBJECT ADDED ENTRY--GEOGRAPHIC NAME | |
| Geographic name | United Kingdom |
| 690 ## - LOCAL SUBJECT ADDED ENTRY--TOPICAL TERM (OCLC, RLIN) | |
| Topical term or geographic name as entry element | BUILT ENVIRONMENT |
| 785 00 - SUCCEEDING ENTRY | |
| Title | Building |
| International Standard Serial Number | 0007-3318 |
| 856 48 - ELECTRONIC LOCATION AND ACCESS | |
| Uniform Resource Identifier | <a href="https://onlinebooks.library.upenn.edu/webbin/serial?id=builder">https://onlinebooks.library.upenn.edu/webbin/serial?id=builder</a> |
| Public note | 1843 to 1906 editions available online |
| 942 ## - ADDED ENTRY ELEMENTS (KOHA) | |
| Source of classification or shelving scheme | Dewey Decimal Classification |
| Withdrawn status | Lost status | Source of classification or shelving scheme | Damaged status | Not for loan | Home library | Current library | Shelving location | Date acquired | Total Checkouts | Full call number | Barcode | Date last seen | Price effective from | Koha item type |
|---|---|---|---|---|---|---|---|---|---|---|---|---|---|---|
| Dewey Decimal Classification | Not For Loan | Historic collection | Historic collection | Historic collection | 04/07/2006 | BUILDING | 134039-2001 | 06/08/2019 | 06/08/2019 | Journal |